00391nam a22001217a 450000500170000000800410001704000070005804100120006508200200007710000280009724501150012565000290024020240319145000.0240319b ||||| |||| 00| 0 eng d cAL aEnglish 223a332.3bAGRI aShaileshchand R Marlady aStudy of the Agricultural Loans Provided by the South Canara District Centeral Co Operative Bank Ltd Mangalore aProject Report 1999-2000